LIBRARY & INFORMATION CENTRE, KCAET, TAVANUR

ONLINE PUBLIC ACCESS CATALOGUE (OPAC)

Public Administration for a welfare State / (Record no. 3098)

MARC details
000 -LEADER
fixed length control field 00381cam a2200145ua 4500
041 ## - LANGUAGE CODE
Language code of text/sound track or separate title eng
082 ## - DEWEY DECIMAL CLASSIFICATION NUMBER
Classification number 350
Item number ARP/PU
100 ## - MAIN ENTRY--AUTHOR NAME
Personal name Appleby, Paul H .
245 ## - TITLE STATEMENT
Title Public Administration for a welfare State /
260 ## - PUBLICATION, DISTRIBUTION, ETC. (IMPRINT)
Place of publication Bombay :
Name of publisher Asia Publishing house ,
Year of publication 1965.
300 ## - PHYSICAL DESCRIPTION
Number of Pages 107 ; .
942 ## - ADDED ENTRY ELEMENTS (KOHA)
Koha item type Books
Holdings
Withdrawn status Lost status Damaged status Home library Current library Date acquired Full call number Accession Number Koha item type
Withdrawn     KAUAET Malayalam University 07/04/2012 350 ARP/PU 9788 Books
free website counter